Modernség, dráma, Brecht
Elmentve itt :
| Szerző: | |
|---|---|
| További közreműködők: | |
| Dokumentumtípus: | Disszertáció |
| Megjelent: |
1978
|
| Tárgyszavak: | |
| Online Access: | http://doktori.ek.szte.hu/2102 |
| LEADER | 00584nta a2200169 i 4500 | ||
|---|---|---|---|
| 001 | dokt2102 | ||
| 005 | 20200327154347.0 | ||
| 008 | 140227s1978 hu om 0|| hun d | ||
| 040 | |a SZTE Doktori Repozitórium |b hun | ||
| 041 | |a hun | ||
| 100 | 1 | |a Vajda György Mihály | |
| 245 | 1 | 0 | |a Modernség, dráma, Brecht |h [elektronikus dokumentum] / |c Vajda György Mihály |
| 260 | |c 1978 | ||
| 502 | |a Disszertacio | ||
| 650 | 4 | |a irodalom- és kultúra tudományok | |
| 700 | 1 | |a Nincs megadva |e ths | |
| 856 | 4 | 0 | |u https://doktori.bibl.u-szeged.hu/id/eprint/2102/1/1978_vajda_gyorgy_mihaly.pdf |z Dokumentum-elérés |